New perspectives on HTML, XHTML, and XML : Comprehensive
NEW PERSPECTIVES ON CREATING WEB PAGES WITH HTML, XHTML, AND XML teaches students how to create simple to complex Web sites from scratch using HTML, XHTML, and XML.
Uloženo v:
| Hlavní autor: | |
|---|---|
| Médium: | Kniha |
| Jazyk: | Undetermined |
| Vydáno: |
Boston
Course Technology
2010
|
| Témata: | |
| Tagy: |
Přidat tag
Žádné tagy, Buďte první, kdo otaguje tento záznam!
|
| Thư viện lưu trữ: | Trung tâm Học liệu Trường Đại học Cần Thơ |
|---|
| LEADER | 00776nam a2200217Ia 4500 | ||
|---|---|---|---|
| 001 | CTU_155199 | ||
| 008 | 210402s9999 xx 000 0 und d | ||
| 020 | |c 2233000 | ||
| 082 | |a 005.72 | ||
| 082 | |b C273 | ||
| 100 | |a Carey, Patrick | ||
| 245 | 0 | |a New perspectives on HTML, XHTML, and XML : | |
| 245 | 0 | |b Comprehensive | |
| 245 | 0 | |c Patrick Carey | |
| 260 | |a Boston | ||
| 260 | |b Course Technology | ||
| 260 | |c 2010 | ||
| 520 | |a NEW PERSPECTIVES ON CREATING WEB PAGES WITH HTML, XHTML, AND XML teaches students how to create simple to complex Web sites from scratch using HTML, XHTML, and XML. | ||
| 650 | |a HTML (Document markup language),XHTML (Document markup language),Web sites | ||
| 650 | |x Design | ||
| 980 | |a Trung tâm Học liệu Trường Đại học Cần Thơ | ||